AH International Schools' Libraries

Normal view MARC view
  • Bandes dessinées policières

Entry Genre/Form Term

Number of records used in: 2

001 - CONTROL NUMBER

  • control field: 85976

003 - CONTROL NUMBER IDENTIFIER

  • control field: OSt

005 - DATE AND TIME OF LATEST TRANSACTION

  • control field: 20250124110459.0

008 - FIXED-LENGTH DATA ELEMENTS

  • fixed length control field: 250124|| aca||aabn | a|a d

040 ## - CATALOGING SOURCE

  • Original cataloging agency: OSt
  • Transcribing agency: OSt

155 ## - HEADING--GENRE/FORM TERM

  • Genre/form term: Bandes dessinées policières

670 ## - SOURCE DATA FOUND

  • Source citation: Work cat.: (OSt)48224: Green, John Patrick, author, illustrator. 82434, Investigators : Heist and seek /, 2023.

For any Logos Library related questions please contact Miss Art at swongnarasuk@asianhope.org.

For any Asian Hope Library related questions please contact Miss Raza at graza@asianhope.org.

Powered by Koha